00349pab a2200109 454500008004500000100002200045245010500067260001400172300001300186362001200199773002800211180718b2004-2005 xxu||||| |||| 00| 0 eng d aDiPietro, William aDeterminants of income inequality of upper and lower income shares: evidence from cross-country data c2004-2005 ap.22-34. aOct-Mar aIndian Economic Journal